<?xml version="1.0" encoding="UTF-8"?>
<record
    xmlns:xsi="http://www.w3.org/2001/XMLSchema-instance"
    xsi:schemaLocation="http://www.loc.gov/MARC21/slim http://www.loc.gov/standards/marcxml/schema/MARC21slim.xsd"
    xmlns="http://www.loc.gov/MARC21/slim">

  <leader>00450nam a2200145Ia 4500</leader>
  <controlfield tag="008">120629s9999    xx            000 0 und d</controlfield>
  <datafield tag="020" ind1=" " ind2=" ">
    <subfield code="a">970-978-10-4833-7</subfield>
  </datafield>
  <datafield tag="082" ind1=" " ind2=" ">
    <subfield code="a">658.404 Ch442y</subfield>
  </datafield>
  <datafield tag="100" ind1=" " ind2=" ">
    <subfield code="a">Chamoun Yamal</subfield>
  </datafield>
  <datafield tag="245" ind1=" " ind2=" ">
    <subfield code="a">Administracion profesional de proyectos: la gu&#xED;a</subfield>
  </datafield>
  <datafield tag="260" ind1=" " ind2=" ">
    <subfield code="a">M&#xE9;xico : Mc graw hill</subfield>
  </datafield>
  <datafield tag="300" ind1=" " ind2=" ">
    <subfield code="a">268 p</subfield>
  </datafield>
  <datafield tag="500" ind1=" " ind2=" ">
    <subfield code="a">Anexos, bibliografia, glosario e &#xED;ndices</subfield>
  </datafield>
  <datafield tag="650" ind1=" " ind2=" ">
    <subfield code="a">1. ADMINISTRACION DE PROYECTOS INDUSTRIALES&#xCC;</subfield>
  </datafield>
  <datafield tag="952" ind1=" " ind2=" ">
    <subfield code="0">0</subfield>
    <subfield code="1">0</subfield>
    <subfield code="4">0</subfield>
    <subfield code="7">0</subfield>
    <subfield code="a">15</subfield>
    <subfield code="b">15</subfield>
    <subfield code="d">2009-07-17</subfield>
    <subfield code="l">0</subfield>
    <subfield code="o">658.404 CH442Y</subfield>
    <subfield code="p">15 003213</subfield>
    <subfield code="r">2017-12-07</subfield>
    <subfield code="t">1</subfield>
    <subfield code="w">2012-06-28</subfield>
    <subfield code="y">LB</subfield>
  </datafield>
  <datafield tag="999" ind1=" " ind2=" ">
    <subfield code="c">76602</subfield>
    <subfield code="d">76602</subfield>
  </datafield>
</record>
